The dawn and twilight of Zoroastrianism /

محفوظ في:

المؤلف الرئيسي: Zaehner, R. C. 1913-1974 (مؤلف)

التنسيق: كتاب

اللغة: English

منشور في: New York : Putnam, [1961].

الطبعة: [1st American ed.]

سلاسل: The Putnam history of religion.

الموضوعات:

الوسوم: إضافة وسم

لا توجد وسوم, كن أول من يضع وسما على هذه التسجيلة!

رقم الطلب: BL1570 .Z14 1961

LEADER 00851namaa2200253 4500
001 11834
003 OSt
005 20240715064630.0
008 130303s1961 nyu b 000 0 eng d
952 |0 0  |1 0  |2 lcc  |4 0  |6 BL1570 Z14 01961  |7 1  |9 10924  |a ARCE  |b ARCE  |d 2021-03-08  |l 0  |o BL1570 .Z14 1961  |p 1016485  |r 2021-03-08 00:00:00  |w 2021-03-08  |y BK 
999 |c 19869  |d 19869 
010 |a 61065721 
040 |c ARCE Library 
050 4 |a BL1570 .Z14 1961 
100 1 |a Zaehner, R. C.  |q (Robert Charles),  |d 1913-1974,  |e author  |9 42555 
245 1 4 |a The dawn and twilight of Zoroastrianism /  |c R. C. Zaehner. 
250 |a [1st American ed.] 
264 1 |a New York :   |b Putnam,   |c [1961]. 
300 |a 371 pages ;  |c 24 cm. 
490 0 |a The Putnam history of religion. 
504 |a Includes bibliography. 
650 0 |a Zoroastrianism.  |9 10196 
901 |a reviewed 
942 |c BK  |2 lcc